00874 2200349 4500001002100000005001500021035002000036245006900056100001800125250000600143300003100149700001900180260003400199082000800233084001400241020002100255650001000276990001700286990001700303990001700320990001700337990001700354990001700371990001700388990001700405990001700422990001700439990001700456990001700473990001700490990001700507INLIS00000000000068720190129011317 a0010-01190001431 aYang Perlu Kita Ketahui /cFadlan Oetama; Editor, Anisah Sabrina0 aFadlan Oetama a- a60 hlm. :bilus. ;c21 cm.0 aAnisah Sabrina aDepok :bCV Iasha Jaya,c2008 a500 a500 FAD y a978-602-813-07-0 aSains a02543/H/2018 a02593/H/2018 a02543/H/2018 a03173/H/2018 a03174/H/2018 a03175/H/2018 a03175/H/2018 a02543/H/2018 a03173/H/2018 a03174/H/2018 a03174/H/2018 a02543/H/2018 a03173/H/2018 a03175/H/2018